[Event "Dyfed Open"]
[Site "Fishguard"]
[Date "2020.02.14"]
[Round "1.11"]
[White "Miles, Richard"]
[Black "Ley, Cyril"]
[Result "1/2-1/2"]
[WhiteElo "1968"]
[BlackElo "1603"]
[Annotator "kemen"]
[PlyCount "98"]
[EventDate "2020.02.??"]
[EventType "swiss"]
[EventRounds "5"]
[EventCountry "WLS"]
[SourceVersionDate "2020.02.18"]

{[%evp 0,10,20,19,47,31,44,33,38,48,68,31,66]} 1. d4 g6 2. c4 Bg7 3. Nc3 d6 4.
Nf3 a6 (4... Nf6) (4... Nd7) (4... Bg4) 5. g3 (5. e4) 5... Nc6 6. Bg2 Rb8 (6...
Bg4) (6... Nf6) 7. O-O Bg4 8. e3 (8. d5 Bxf3 9. exf3 Ne5 10. Qe2 c5 11. f4 Nd7
12. Re1 Bxc3 13. bxc3 Kf8 {Hahn-Heisterkamp, NRW Verbandsliga 2013,0-1}) 8...
Nf6 (8... Qd7 9. Qa4 Nf6 10. b4 O-O 11. b5 axb5 12. cxb5 Nd8 13. Re1 c5 {
Sassi-Rantanen, Jyvanskyla We JyS 1998,0-1}) 9. h3 Bd7 10. Qe2 (10. e4 $16 {
Stockfish11}) 10... O-O 11. b3 (11. d5) 11... Na7 12. Bb2 (12. e4 {Stockfish11}
) 12... b5 13. cxb5 axb5 14. b4 Be6 (14... Nc8 15. e4 Nb6 $11 {Stockfish11}) (
14... c6 15. e4 Nc8 16. Rfc1 Nb6 $11 {Stockfish11}) 15. Nd2 Qd7 16. Kh2 Rfc8 (
16... Nc8) 17. e4 Qd8 (17... c6) 18. d5 (18. f4 $18 {Stockfish11}) 18... Bd7
19. Rfc1 c5 (19... e5) 20. a3 (20. bxc5 Rxc5 21. f4 b4 22. Nd1 Rxc1 23. Rxc1
Nb5 24. e5 $14 {Stockfish11}) 20... Rc7 (20... e5 $11) 21. Nd1 (21. f4 $16)
21... Rbc8 22. bxc5 (22. e5 dxe5 23. Bxe5 $18 {Stockfish11}) (22. f4 Be8 23.
Qe3 $18 {Stockfish11}) 22... Rxc5 23. Rxc5 Rxc5 24. Nb3 Rc7 25. Ne3 Qb8 {
(draw?)} 26. Qd2 (26. e5 Ne8 27. f4 $18 {Stockfish11}) 26... Nc8 27. Rc1 (27.
Na5) 27... Rxc1 28. Nxc1 Nb6 29. Qb4 Qc7 30. Nd3 Nc4 31. Bc1 Nxe3 (31... h5 $15
) 32. Bxe3 Qc4 33. Qxc4 bxc4 34. Nb4 Ne8 (34... Ba4) 35. Bf1 Bb2 36. Bxc4 Bxa3
{(draw?)} 37. Nc2 (37. Nc6) 37... Bb2 38. Bd4 Bxd4 39. Nxd4 Nf6 40. f3 Ba4 $11
41. Kg2 Kf8 42. Kf2 h6 43. Ke3 Nd7 44. Bb5 Bxb5 45. Nxb5 Ke8 46. f4 Nc5 47. Kd4
Nb3+ 48. Kc3 Nc5 49. Kd4 Nb3+ 1/2-1/2

[Event "Dyfed Open"]
[Site "Fishguard"]
[Date "2020.02.14"]
[Round "1.12"]
[White "Orton, Paul"]
[Black "Taylor, Robert Graham"]
[Result "0-1"]
[WhiteElo "1580"]
[BlackElo "1844"]
[Annotator "kemen"]
[PlyCount "142"]
[EventDate "2020.02.??"]
[EventType "swiss"]
[EventRounds "5"]
[EventCountry "WLS"]
[SourceVersionDate "2020.02.18"]

{[%evp 0,22,30,28,27,27,38,34,51,16,31,26,28,15,37,15,15,15,15,12,25,-14,-14,
-28,-24]} 1. d4 Nf6 2. Bf4 d6 3. e3 g6 4. Nd2 Bg7 5. Ngf3 O-O 6. Bd3 Nbd7 7. h3
c5 (7... Re8) (7... Qe8) 8. c3 b6 9. O-O Bb7 10. e4 (10. Qe2) 10... cxd4 11.
cxd4 e5 12. Bh2 Re8 (12... Qe7) 13. dxe5 dxe5 14. Re1 Re7 (14... Nc5 15. Bb5
Nfd7 16. b4 a6 17. Bc4 Ne6 18. Rc1 Bh6 19. Qb3 a5 20. a3 axb4 21. axb4 b5 22.
Bxb5 Bxd2 23. Nxd2 Nd4 24. Qd3 Re6 25. Bxd7 Qxd7 26. Nc4 f6 27. f4 Ba6 28. Qe3
Rc8 29. Na5 Rxc1 30. Rxc1 Ne2+ {Duarte Gomez-Perez, Dominican ch 2019,0-1}) 15.
Rc1 (15. b4) 15... Nc5 16. Bb1 (16. Bf1) 16... Nfd7 (16... Bh6 $17) 17. Nc4 (
17. b4 Ne6 18. Nc4 f6 19. a4 (19. Nd6 Ndf8 20. Nxb7 Rxb7 21. Qb3 Rc8 22. Bd3
Rbc7 23. Rxc7 Rxc7 (23... Qxc7 24. Ba6) 24. Bc4 Qc8 25. Bd5 $11) 19... Bh6 20.
Rc3 a5 21. Nd6 axb4 22. Nxb7 Qb8 23. Rc4 Qxb7 24. Rxb4 Qc7 25. Ba2 Kg7 $11 {
Stockfish11}) 17... Ba6 18. b4 Bxc4 19. Rxc4 Ne6 20. Qc1 (20. a3 $16) (20. Rc6
Rc8 21. Rd6 $16) 20... Re8 21. Rd1 Qe7 22. a3 a5 23. Qd2 (23. Bg3) 23... Red8
24. Qc3 axb4 25. axb4 (25. Rxb4) 25... Nd4 (25... b5 26. Rc6 Ndc5 27. Qe1 Na4 (
27... Nb3) 28. Bxe5 Bxe5 29. Nxe5 Rxd1 30. Qxd1 Rd8 31. Qg4 Qf6 (31... Qxb4 32.
Nxf7 $18 {Stockfish11}) 32. f4 h5 33. Qf3 Kg7 34. Bd3 Nd4 35. Rxf6 Nxf3+ 36.
gxf3 Kxf6 37. Bxb5 Rd1+ 38. Kf2 Nb6 $11 {Stockfish11}) 26. Nxd4 exd4 27. Qc2 b5
(27... Ne5 28. Bxe5 Bxe5 29. Qd2 Qh4 30. Rf1 $11 {Stockfish11}) 28. Rc6 (28.
Rc7 Qxb4 29. Ba2 Ra3 30. Rb1 d3 31. Rxb4 dxc2 32. Rxc2 $11 {Stockfish11}) 28...
Qxb4 29. Bd6 Qa4 30. Qd3 (30. f4 Bf8 31. e5 Qxc2 32. Bxc2 Rac8 33. Be4 Rxc6 34.
Bxc6 Bxd6 35. exd6 Nb8 36. Bxb5 Rxd6 37. Kf2 $15 {Stockfish11-a centre pawn
may well be held against}) 30... Rdc8 $17 31. Rdc1 Rxc6 32. Rxc6 Rd8 (32... b4
33. Rc7 b3 34. Rb7 Qc6 35. Qb5 Qxb5 36. Rxb5 Ra6 37. Be7 Rb6 $19 {Stockfish11})
33. Qc2 (33. g3 $11) (33. Bc2 Qa1+ 34. Kh2 Qe1 35. Qxb5 $11 (35. Rc7 $11 {
Stockfish11})) 33... Qxc2 (33... Qa8) 34. Bxc2 Ne5 35. Bxe5 Bxe5 36. Bd3 $15 b4
37. Rb6 Bd6 (37... Rc8 38. Kf1 Rc3 39. Ke2 Rb3 $15 {Stockfish11}) 38. Kf1 $11 {
Wh has the more active R} Kf8 39. Ke2 (39. Rb7 {looks better- keeping the K
out. Stockfish11 then swaps Rs, but,though Bl has 2 passed pawns in the
opposite colour B ending, they are probably too close together to force a win.
If one is sacrificed, then the Wh K is still near to the other.}) 39... Ke7 40.
Kd2 (40. Rb7+) 40... Bf4+ 41. Kd1 Bd6 42. Rb7+ (42. Bc4) 42... Rd7 43. Rxd7+
Kxd7 44. Kc2 Kc6 45. Kb3 Kc5 46. f3 (46. g3 {may be better, to ensure no K
entry via the K side}) 46... Bg3 47. Bc4 f6 48. Bd3 (48. Bg8 {worth a try} h6
49. Bf7 g5 (49... d3 50. Bxg6 d2 51. Kc2 Be1 52. e5 fxe5 53. Kd1 Kc4 54. g4 Kd4
55. Ke2 Kc4 56. Kd1 Kc3 57. Bb1 Kb2 58. Bg6 b3 59. Bf7 Ka3 60. Bg6 Ka2 61. Bf7
Kb2 62. Bg6 Kc3 63. Bf7 {scary, but looks like holding}) 50. Bc4 Be1 51. e5 $1
{blocks the Bl K entry & gives Wh's B a longer run} fxe5 52. g4 d3 53. Bxd3 Kd4
54. Bb1 Ke3 55. Be4 Kf2 56. Bc6 Kg3 57. Kc4 Kxh3 58. Be4 {and Wh is holding-
Stockfish11 nudged}) 48... Be1 49. Bc4 Kd6 50. Bd3 (50. f4 Bg3 51. Kxb4 Bxf4
52. Bg8 h6 53. Kc4 Ke5 54. Kd3 {and Bl has only one passed pawn#}) 50... Ke5
51. Kc4 Bc3 52. g3 g5 $19 53. Be2 h5 (53... Be1 54. f4+ gxf4 55. gxf4+ Kxe4 56.
Bd3+ Kxf4 57. Kxd4 Bc3+ 58. Kc4 h6 $19 {should also work}) 54. g4 hxg4 (54...
h4 {looks better as Bl can force the win of h3, then push his h pawn, which is
furthest away from the Wh K}) 55. hxg4 Kf4 56. Bd1 Ke3 57. f4 Kxf4 (57... gxf4)
58. Kd3 Kg3 (58... b3 {Stockfish11} 59. Bxb3 Kxg4 {gives Bl more widely
separated passed pawns}) 59. Kc4 Kf2 60. Kd3 Ba1 61. Bb3 Bc3 62. Bc4 Kf3 63.
Be6 Kf4 64. Bd7 b3 65. Ba4 b2 66. Bc2 Kxg4 67. Ke2 Kf4 68. Kf2 g4 69. Bd3 g3+
70. Kg2 Ke3 71. Bb1 d3 0-1

[Event "Dyfed Open"]
[Site "Fishguard"]
[Date "2020.02.14"]
[Round "1.14"]
[White "Lawrence, Alex"]
[Black "Marin Marin, Francisco Javier"]
[Result "0-1"]
[WhiteElo "1466"]
[BlackElo "1776"]
[Annotator "kemen"]
[PlyCount "48"]
[EventDate "2020.02.??"]
[EventType "swiss"]
[EventRounds "5"]
[EventCountry "WLS"]
[SourceVersionDate "2020.02.18"]

{[%evp 0,13,19,28,59,59,46,44,59,59,44,44,50,47,50,50]} 1. e4 c5 2. Nf3 e6 3.
d4 cxd4 4. Nxd4 Nf6 5. Nc3 Nc6 6. Bf4 (6. Ndb5) (6. Nxc6 bxc6 7. e5 {main lines
}) 6... a6 (6... Bb4) (6... d6) 7. e5 (7. a3 {4 Wh wins, 1 draw, 1 Bl win})
7... Qc7 (7... Nd5 {4-1}) (7... Ng8 8. Nxc6 {4.5-1.5}) 8. Nxc6 dxc6 $146 (8...
bxc6 {2-1}) 9. Bg3 (9. Qd2 {Stockfish11} Nd5 10. Ne4 Nxf4 11. Qxf4 f6 12. Nd6+
Bxd6 13. exd6 Qa5+ 14. c3 e5 15. Qg3 O-O 16. Bc4+ Kh8 17. O-O-O $16 (17. Qe3
$16)) 9... Nd7 10. Qd4 (10. Qh5) 10... Bc5 (10... c5 11. Qe3 b5 12. a4 bxa4 13.
Be2 Be7 14. O-O Bb7 15. Rxa4 O-O $14 {Stockfish11}) 11. Qf4 O-O 12. O-O-O $14 (
12. Ne4 Bd4 13. Nf6+ Nxf6 14. Qxd4 Nd5 15. Bd3 $14 {Stockfish11}) 12... b5 13.
Ne4 (13. Qh4 Nxe5 14. Ne4 Be7 15. Bxe5 Qxe5 16. Qxe7 Qxe4 17. Bd3 $14 (17. Bxb5
g6 (17... axb5 18. Rd8 $18) 18. Bd3 Qxg2 19. Qh4 $11 {Stockfish11})) (13. Bd3
Be7 14. h4 {threatening K side breakthrough} f5 15. exf6 Qxf4+ 16. Bxf4 Nxf6
17. f3 $14 {Wh is better developed & Bl has a weakened pawn structure}) 13...
Be7 14. Nd6 (14. Be2) 14... a5 (14... Nb6 $14) 15. Bd3 (15. h4) 15... a4 16.
Be4 (16. Qe4 {Stockfish11} g6 (16... f5 17. exf6 Nxf6 18. Qh4 $18) 17. Bxb5 Bb7
18. Bc4 $18) 16... f6 {Bl is short of space & it is is difficult to find a way
of getting activity} (16... h6 17. Qg4 b4 18. Bf4 f5 19. Qg6 fxe4 20. Bxh6 Bf6
21. exf6 Nxf6 22. Rhe1 a3 23. b3 Nd5 24. Qg3 Nc3 25. Bd2 Nxd1 26. Rxd1 e3 27.
Bxe3 Ra5 $16 {Stockfish11}) (16... b4 17. Bh4 f6 18. Nf5 Nc5 19. Nxe7+ Qxe7 20.
Bxc6 Ra5 21. exf6 gxf6 22. Qg3+ Kh8 23. Qd6 $16 {Stockfish11}) (16... Nb6 17.
Bh4 a3 18. b3 Nd5 19. Bxd5 exd5 20. Bf6 (20. Bxe7 Qxe7 21. Rhe1 Be6 $11) 20...
Bxf6 21. exf6 Bf5 22. Qg3 Bg6 23. Nf5 (23. fxg7 Rfd8) 23... Qxg3 24. Ne7+ Kh8
25. fxg7+ Kxg7 26. hxg3 Ra6 27. Rhe1 $14 {Stockfish11}) 17. Qh4 $18 h6 18. Qg4
(18. exf6 Nxf6 19. Be5 Nxe4 20. Qxe4 Bf6 21. Bxf6 Rxf6 22. f3 Bb7 23. Rd2 Raf8
24. Re1 $18 {Stockfish11}) 18... f5 19. Qg6 Bg5+ 20. f4 (20. Kb1 fxe4 21. Qxe6+
Kh7 22. Nxc8 Qxc8 23. Qxd7 Qxd7 24. Rxd7 Rae8 25. Rd4 e3 26. f4 Be7 27. Re4 Bc5
28. b4 axb3 29. cxb3 Re6 30. Rc1 Bb6 31. Bh4 $16 {Stockfish11}) 20... Nxe5 21.
fxg5 $2 (21. Qh5 Be7 22. fxe5 fxe4 23. Nxe4 $14 (23. Qg6 $14)) 21... Nxg6 $132
22. Nxf5 Nf4 23. Nd6 hxg5 (23... a3) 24. h4 $2 Ne2+ 0-1

[Event "Dyfed Open"]
[Site "Fishguard"]
[Date "2020.02.14"]
[Round "1.15"]
[White "Harding, Gareth"]
[Black "Probert, Malcolm"]
[Result "1/2-1/2"]
[WhiteElo "1557"]
[BlackElo "1565"]
[Annotator "kemen"]
[PlyCount "58"]
[EventDate "2020.02.??"]
[EventType "swiss"]
[EventRounds "5"]
[EventCountry "WLS"]
[SourceVersionDate "2020.02.18"]

{[%evp 0,15,28,24,29,21,24,23,50,43,30,24,49,41,34,14,31,20]} 1. d4 d5 2. Nc3
Nf6 3. Bf4 g6 4. e3 Bg7 5. h4 {one of the latest elite GM fashions} h5 6. Nf3
O-O 7. Be2 c5 8. O-O (8. Nb5) (8. Ne5 {main lines}) 8... a6 (8... cxd4 9. exd4
Bg4 10. Ne5 Bxe2 11. Qxe2 Qb6 12. Qd3 Nc6 13. Rfd1 Rac8 14. Rab1 {Krupa-Ihnat,
SVK ch tm U20, 2018, 1/2-1/2; Mrudal-Soumya, IND ch women, Managiri 2019, 1/
2-1/2}) 9. dxc5 Qa5 (9... Bg4) 10. Nxd5 Nxd5 11. Qxd5 Bxb2 (11... Nd7 12. Ng5
Qxc5 13. Qb3 Qf5 14. c3 $16 {Stockfish11}) 12. Rab1 (12. Ne5 Bxe5 13. Qxe5 Nc6
14. Qg5 e5 15. Bxe5 Nxe5 16. Qxe5 $18 {Stockfish11}) 12... Rd8 (12... Bf6 13.
Bc4 Nc6 14. Ng5 $16 {Stockfish11}) 13. Qb3 $18 (13. Qe4 $18) 13... Bg7 14. Ne5
(14. Ng5 Rf8 15. Bc4 e6 16. Bd6 $18 {Stockfish11}) (14. Rfd1 Nc6 15. Ng5 Rf8
16. Bc4 e6 17. Bd6 (17. g4 hxg4 18. h5 $18) 17... Re8 18. Bd3 $18 {Stockfish11}
) 14... Bxe5 15. Bxe5 Nd7 (15... Qxc5 16. Bd4 Qf5 17. Ba1 Nc6 18. Rfd1 $16 {
Stockfish11}) 16. Bc3 Qc7 17. Rfd1 Nxc5 18. Qc4 (18. Rxd8+ {Stockfish11} Qxd8
19. Qb4 Qc7 20. Qd4 f6 (20... e5 21. Qxe5 Qxe5 22. Bxe5 Bf5 23. Bf3 Rc8 24.
Bxb7 Nxb7 25. Rxb7 Bxc2 26. f3 $16) 21. Bb4 Ne6 22. Qe4 $18) 18... Rxd1+ (18...
Be6 19. Qb4 Bxa2 $15 {Stockfish11}) 19. Rxd1 Be6 20. Qd4 f6 21. Bb4 b6 $2 (
21... Rc8 $11) 22. Bf3 (22. Bxc5 $18 Rb8 (22... Qxc5 23. Qe4 Kf7 (23... Qc8 24.
Qxg6+ Kh8 25. Rd5 Bxd5 26. Bd3 f5 27. Bxf5 Qxf5 28. Qxf5 $18) 24. Qxa8 $18 {
Stockfish11})) 22... Rc8 23. Bd5 Rd8 (23... Bxd5 24. Qxd5+ Kg7 $11) 24. Qc4
Rxd5 25. Rxd5 Bxd5 26. Qxd5+ Kg7 27. Bxc5 Qxc5 28. Qxc5 bxc5 29. c4 Kf7 $11
1/2-1/2

[Event "Dyfed Open"]
[Site "Fishguard"]
[Date "2020.02.15"]
[Round "2.1"]
[White "Waddington, Mike P"]
[Black "Williams, A. Howard"]
[Result "1/2-1/2"]
[WhiteElo "2046"]
[BlackElo "2246"]
[Annotator "kemen"]
[PlyCount "114"]
[EventDate "2020.02.??"]
[EventType "swiss"]
[EventRounds "5"]
[EventCountry "WLS"]
[SourceVersionDate "2020.02.18"]

{[%evp 0,114,30,48,109,47,51,32,46,35,27,14,43,11,40,8,5,-3,37,44,13,20,-5,-6,
23,-27,-23,-8,18,10,16,29,38,5,4,-20,35,38,34,46,30,37,36,8,43,37,54,40,29,27,
50,18,32,48,58,35,33,38,49,15,31,53,54,20,28,2,81,74,76,77,82,68,61,90,92,97,
91,91,91,91,80,79,72,79,87,89,82,70,82,39,28,4,26,19,30,22,24,22,22,22,46,46,
45,46,43,43,43,43,43,43,43,43,43,43,43,43,70]} 1. Nc3 c5 2. e4 Nc6 3. f4 (3.
Bb5 Nd4 {J Richmond-Williams, Dyfed open 2016,1/2-1/2; Dyfed Open 2019, 1/2-1/2
}) 3... g6 4. Nf3 Bg7 5. Bb5 Nd4 6. O-O a6 (6... Nxb5 7. Nxb5 d5 8. exd5 a6 9.
Nc3 Nf6 {main}) 7. Bd3 d6 8. Nxd4 cxd4 9. Ne2 Qb6 {59% for Wh} (9... Nf6 {
main, 39 % for Wh}) 10. Kh1 Nf6 11. c3 e5 $146 {Stockfish11} (11... dxc3 {
3 Wh wins, 4 draws,2 Bl wins}) 12. Qe1 (12. Bc2 {starts untangling the Q side})
12... O-O 13. Qh4 d5 (13... exf4 14. Rxf4 d5 15. exd5 Nxd5 16. Rf1 dxc3 17.
dxc3 Bd7 $15 {Stockfish11}) (13... Bg4 $15) 14. fxe5 Nxe4 15. Bxe4 (15. cxd4
$11) 15... dxe4 16. Qxe4 (16. cxd4) 16... Bf5 17. Qxd4 Qc7 18. Qe3 (18. Rxf5
gxf5 19. Qf2 Qxe5 20. d4 Qd5 21. Ng3 Rae8 22. Bd2 $11 {|Stockfish11}) 18...
Bxe5 19. d4 Bg7 20. Ng3 (20. Rxf5 gxf5 21. Qf2 $14 {Stockfish11}) 20... Bd7 21.
Qf4 Qxf4 22. Bxf4 Bc6 23. Rfe1 Rfe8 24. Kg1 $14 f5 25. Kf2 Kf7 26. Nf1 (26. h4)
26... Bf6 27. g3 g5 28. Bc7 Rac8 29. Bd6 (29. Bb6) 29... Be4 30. Nd2 Bd5 31.
Rxe8 Rxe8 32. Nf3 Bc4 (32... g4 $11) 33. Ne5+ (33. Be5 $16 {Stockfish11}) 33...
Bxe5 34. Bxe5 Bd5 35. b3 b5 36. Rc1 Rc8 37. Bd6 Rc6 38. Bc5 Rh6 39. Kg1 f4 40.
c4 Be4 41. Re1 (41. gxf4 $16) 41... Re6 42. gxf4 gxf4 43. Kf2 Bd3 44. Rxe6 Kxe6
45. cxb5 (45. d5+ Kf5 46. d6 Ke6 47. Kf3 bxc4 48. bxc4 Bxc4 49. a3 h5 50. Kxf4
Bb5 $11 {Wh still has only one passed pawn}) 45... axb5 46. a4 bxa4 47. bxa4
Be4 48. a5 Bb7 49. Bf8 Kd5 50. Kf3 Kxd4+ 51. Kxf4 Kc4 $11 52. Be7 Kb5 53. Bd8
Bd5 54. Ke5 Ba2 55. Kd6 Bb1 56. Bb6 Bc2 57. Kc7 Ka6 1/2-1/2

[Event "Dyfed Open"]
[Site "Fishguard"]
[Date "2020.02.15"]
[Round "2.2"]
[White "Zeidler, Sven P."]
[Black "Garcia, Jason"]
[Result "1-0"]
[WhiteElo "2186"]
[BlackElo "2029"]
[Annotator "kemen"]
[PlyCount "97"]
[EventDate "2020.02.??"]
[EventType "swiss"]
[EventRounds "5"]
[EventCountry "WLS"]
[SourceVersionDate "2020.02.18"]

{[%evp 0,97,30,19,75,51,45,37,39,22,20,12,15,3,0,14,-6,-26,23,-8,-7,-39,-55,
-47,-29,-36,-36,-35,23,30,11,-29,-17,-29,7,7,27,-17,-2,-6,13,13,23,-53,-68,-72,
-77,-61,-10,-10,-10,-10,39,-2,-26,-40,-53,-53,-45,-53,-10,-10,-13,-10,-14,-55,
-69,-55,-51,-56,-58,-60,-41,-39,-11,-9,-25,-5,0,0,0,0,0,0,0,0,27,38,88,143,158,
154,154,155,203,203,219,255,484,520]} 1. e4 c5 2. Nc3 Nc6 3. f4 g6 4. Nf3 Bg7
5. Bb5 Nd4 6. O-O a6 7. Bd3 d6 8. b3 (8. Nxd4 cxd4 9. Ne2 {played on board1
next to this game}) 8... b5 $146 {Stockfish11} (8... Bg4 {most frequent}) (8...
Nf6 9. Rb1 O-O 10. Qe1 e6 11. a4 Bd7 12. Bb2 Bc6 13. Nxd4 cxd4 14. Na2 Nd7 15.
Nb4 Nc5 16. Nxc6 bxc6 17. Qe2 Nxd3 18. Qxd3 c5 19. f5 {Zeidler- D Grant, 4NCL
2018,1/2-1/2}) 9. Rb1 Nf6 10. Qe1 O-O 11. Bb2 Bb7 $17 12. a4 Qb6 13. Kh1 Nh5 (
13... e6 $17) 14. Nxd4 cxd4 15. Ne2 (15. Nd5 $11) 15... e5 16. Qh4 Bc6 (16...
Qd8 $17) 17. fxe5 dxe5 18. Ba3 b4 (18... Rfe8 $15) 19. Bb2 Qb7 (19... a5 $17)
20. Rf2 Bh6 (20... Rac8) 21. g4 (21. Ng3 $11) 21... Bxe4+ 22. Kg1 Bxd3 23. cxd3
Bxd2 24. gxh5 Be3 25. Qf6 Rae8 26. h6 Bxh6 27. Qf3 (27. Bc1 Bg7 28. Qh4 f5 29.
Bh6 $11 {Stockfish11}) 27... Qxf3 28. Rxf3 f5 (28... Rc8 $17) 29. Bc1 Bxc1 30.
Rxc1 Rc8 31. Rff1 a5 $11 32. Rxc8 Rxc8 33. Rc1 Rxc1+ 34. Nxc1 Kf7 $17 35. Ne2
Ke6 (35... f4 $19 {Stockfish11-restricts the N} 36. Kf2 Kf6 37. Ng1 e4 $1 $19 (
37... g5 38. Nf3 g4 39. Nd2 h5 40. Ne4+ Kf5 41. Nd6+ Kf6 (41... Ke6 42. Nb7 $18
) 42. Ne4+ $11 (42. Nb7 e4 43. dxe4 d3 $19)) 38. dxe4 Ke5 39. Kf3 g5 40. Nh3
g4+ 41. Kxg4 Kxe4 42. Nxf4 d3 $19 {Stockfish11}) 36. Ng3 $11 Kd5 37. Kf2 e4 38.
Ke2 (38. dxe4+ fxe4 39. Ke2 $11) 38... Ke5 39. Nf1 e3 40. h4 h6 (40... f4 $11)
(40... Kf4 $11 41. Nh2 Kg3 42. Nf3 f4 43. Nxd4 Kxh4 44. Nf3+ Kg4 45. d4 Kf5 46.
d5 h6 47. d6 Ke6 48. Ne5 g5 49. d7 Ke7 50. Kf3 Kd8 51. Ke2 h5 52. Kf3 h4 53.
Nf7+ Kxd7 54. Nxg5 Kc6 55. Kxf4 e2 56. Nf3 h3 57. Kg3 h2 58. Kxh2 Kc5 59. Kg3
e1=Q+ 60. Nxe1 Kd4 61. Kf4 (61. Nf3+) 61... Kc3 62. Ke4 Kxb3 63. Kd3 Kxa4 64.
Kc2 Kb5 65. Kb2 $11 {Stockfish11}) 41. Nh2 $16 Kd5 (41... Kf4) 42. Nf3 $18 Kc5
(42... Kd6 43. Nxd4 f4 44. h5 gxh5 45. Kf3 $18) 43. h5 gxh5 44. Nh4 Kd5 45.
Nxf5 Ke5 46. Nh4 Kf4 47. Nf3 h4 48. Nxh4 Kg3 (48... Ke5 49. Kf3) 49. Nf5+ 1-0

[Event "Dyfed Open"]
[Site "Fishguard"]
[Date "2020.02.15"]
[Round "2.3"]
[White "Hewitt, William"]
[Black "Jones, Iolo C"]
[Result "1/2-1/2"]
[WhiteElo "1990"]
[BlackElo "2163"]
[Annotator "kemen"]
[PlyCount "64"]
[EventDate "2020.02.??"]
[EventType "swiss"]
[EventRounds "5"]
[EventCountry "WLS"]
[SourceVersionDate "2020.02.18"]

{[%evp 0,64,32,48,53,56,43,19,26,13,13,14,-18,12,17,11,31,39,26,-5,5,-5,4,-8,
-12,-30,-30,-30,34,6,18,13,9,-16,11,6,44,6,14,18,17,-31,-17,-17,-18,-18,9,-22,
170,155,147,155,161,157,164,169,184,205,202,138,113,113,193,0,0,0,0]} 1. e4 e5
2. Nf3 Nf6 3. Nc3 Nc6 4. d4 exd4 5. Nxd4 Bb4 6. Nxc6 bxc6 7. Bd3 d5 8. exd5
cxd5 9. O-O O-O 10. Bg5 {main} (10. h3 c6 11. Qf3 Bd6 (11... Re8 12. Bf4 h6 13.
Rad1 Bd6 14. Rfe1 Be6 15. Na4 c5 16. b3 Bxf4 17. Qxf4 Qa5 18. Qd2 Qc7 19. c3
Red8 20. Bb1 {Hewitt-Davison, 4NCL 2020,0-1}) 12. Re1 Bc7 13. Bf4 Bxf4 14. Qxf4
Bd7 15. Na4 {Toczek-Jones, WCPL 2020,1-0}) 10... c6 11. Qf3 (11. h3 h6 12. Bh4
Rb8 13. Qf3 Be7 14. Rab1 Rb4 15. Bg3 Bd6 {Hewitt-Van Kemenade, Dyfed Closed
2016,1/2-1/2}) (11. Na4 Be6 12. Rc1 h6 13. Bh4 Bd6 14. Qf3 Re8 15. Bxf6 Qxf6
16. Qxf6 gxf6 17. c4 d4 18. c5 Bf4 19. Ra1 Rab8 {Waterfield-Jones, Dyfed Open
2012,0-1}) 11... Bd6 (11... Be7 {but Bl need not fear the doubled pawns}) 12.
h3 (12. Rfe1) 12... Rb8 (12... h6 13. Bf4 Rb8 14. b3 Bxf4 (14... Rb4 {main})
15. Qxf4 Be6 16. Na4 Qa5 17. Rac1 c5 18. Bf5 Rbe8 {Hewitt-CM Jones, 4NCL 2020,
0-1}) 13. b3 (13. Rab1) 13... Be5 14. Bf4 Re8 $146 (14... Bxc3 15. Bxb8 Bxa1
16. Rxa1 Bg4 17. hxg4 Qxb8 {elite GM games}) (14... Bxf4 15. Qxf4 Be6 {seems
to favour Bl a little}) 15. Bxe5 (15. Rae1 $14 {Stockfish11}) 15... Rxe5 16.
Ne2 (16. Qf4) 16... Nd7 (16... c5) 17. Nd4 Rb6 18. Rae1 c5 19. Nf5 Rbe6 20.
Rxe5 (20. Qg3 Rg6 (20... Qf8 21. f4 Rxe1 22. Rxe1 g6 23. Rxe6 fxe6 24. Ne3 $14)
21. Nh6+ Rxh6 22. Rxe5 Nxe5 23. Qxe5 Re6 24. Qb8 a6 25. Rd1 $14 {Stockfish11})
20... Nxe5 21. Qg3 Qf6 $11 (21... g6 $11) 22. Ne3 Rd6 (22... d4) 23. Rd1 (23.
Re1 $14) 23... Rd8 $2 (23... Kf8 $11) 24. Nxd5 $18 Rxd5 25. Bxh7+ Kxh7 26. Rxd5
Nd7 (26... Ng6) 27. Rh5+ (27. Qd3+ g6 28. Rxd7 Bxd7 29. Qxd7 $18 {Wh is 2
pawns up with a centralised Q}) 27... Kg8 28. Qc7 Qa6 29. Qd8+ (29. Rd5 Kh7 30.
c4 (30. Rxd7 Bxd7 31. Qxd7 Qxa2 32. Qf5+ Kg8 33. Qxc5 $18) 30... Nf6 31. Rxc5
Qa3 32. Kh2 Be6 33. Ra5 Qb4 34. Rxa7 $18 {Stockfish11}) (29. c4 Nf8 30. Rxc5
$18 {Stockfish11}) (29. Kh2 $18 {Stockfish11}) 29... Nf8 30. Rxc5 Qa3 31. Rxc8
{allows a perpetual} (31. Qc7 $18 {Stockfish11}) (31. Qd4 Be6 32. c4 Qxa2 33.
Rb5 $18 {Stockfish11}) 31... Qc1+ 32. Kh2 Qf4+ 1/2-1/2